Court ruling threatens 3G masts (Record no. 65983)

MARC details
000 -LEADER
fixed length control field 00922cam a2200205 4500
001 - CONTROL NUMBER
control field WB3705-31
008 - FIXED-LENGTH DATA ELEMENTS--GENERAL INFORMATION
fixed length control field 000000n2001 000 0 eng u
035 ## - SYSTEM CONTROL NUMBER
System control number (Sirsi) u110715
245 ## - TITLE STATEMENT
Title Court ruling threatens 3G masts
260 ## - PUBLICATION, DISTRIBUTION, ETC.
Date of publication, distribution, etc. 2001
490 ## - SERIES STATEMENT
Series statement Sunday Times
Volume/sequential designation 28 January 2001, 3(1)
520 ## - SUMMARY, ETC.
Summary, etc. In December 2000, the High Court ruled it was unlawful for the DETR to decide planning appeals. This landmark decision poses a threat to the erection of 28,000 new phone masts, which are needed for the £30bn 3G mobile network. The need to submit mast applications to a full review could severely delay the building programme needed for this next generation of mobile phones.
590 ## - LOCAL NOTE (RLIN)
Local note WB
650 ## - SUBJECT ADDED ENTRY--TOPICAL TERM
Topical term or geographic name entry element MOBILE PHONES
650 ## - SUBJECT ADDED ENTRY--TOPICAL TERM
Topical term or geographic name entry element TELECOMMUNICATIONS
650 ## - SUBJECT ADDED ENTRY--TOPICAL TERM
Topical term or geographic name entry element MOBILE PHONE MASTS
650 ## - SUBJECT ADDED ENTRY--TOPICAL TERM
Topical term or geographic name entry element PLANNING SYSTEM
690 ## - LOCAL SUBJECT ADDED ENTRY--TOPICAL TERM (OCLC, RLIN)
Topical term or geographic name as entry element ENVIRONMENTAL AND LAND CONSULTANCY-PLANNING AND DEVELOPMENT
942 ## - ADDED ENTRY ELEMENTS (KOHA)
Suppress in OPAC 0
Holdings
Withdrawn status Lost status Source of classification or shelving scheme Damaged status Not for loan Home library Current library Shelving location Date acquired Total Checkouts Full call number Barcode Date last seen Copy number Price effective from Koha item type
    Dewey Decimal Classification     London London News article 01/02/2001   WB3705-31 110715-1001 06/08/2019 1 06/08/2019 News article